পৃথিবীর শ্রেষ্ঠ ভূতের গল্প / (Record no. 255139)
[ view plain ]
| 000 -LEADER | |
|---|---|
| fixed length control field | 01319nam a22002657a 4500 |
| 003 - CONTROL NUMBER IDENTIFIER | |
| control field | BD-DhUL |
| 005 - DATE AND TIME OF LATEST TRANSACTION | |
| control field | 20220123110856.0 |
| 008 - FIXED-LENGTH DATA ELEMENTS--GENERAL INFORMATION | |
| fixed length control field | 211227s1985 ii a|||| |||| 000 0 ben | |
| 040 ## - CATALOGING SOURCE | |
| Original cataloging agency | BD-DhUL |
| Transcribing agency | BD-DhUL |
| 082 ## - DEWEY DECIMAL CLASSIFICATION NUMBER | |
| Classification number | 891.44308733 |
| Item number | PRT |
| 245 10 - TITLE STATEMENT | |
| Title | পৃথিবীর শ্রেষ্ঠ ভূতের গল্প / |
| Statement of responsibility, etc. | সম্পাদনায় তীর্থপতি দত্ত ; মণীন্দ্র দত্ত ...[et al] । |
| 250 ## - EDITION STATEMENT | |
| Edition statement | নতুন সংস্ক. |
| 260 ## - PUBLICATION, DISTRIBUTION, ETC. (IMPRINT) | |
| Place of publication, distribution, etc. | কলকাতা : |
| Name of publisher, distributor, etc. | নবপ্রকাশ, |
| Date of publication, distribution, etc. | ১৯৮৫ । |
| 300 ## - PHYSICAL DESCRIPTION | |
| Extent | [২২], ৬৬৪ পৃ. : |
| Other physical details | চিত্র ; |
| Dimensions | ২২ সেমি. |
| 365 ## - TRADE PRICE | |
| Price type code | RS |
| Price amount | 40.00 |
| 650 #4 - SUBJECT ADDED ENTRY--TOPICAL TERM | |
| Topical term or geographic name as entry element | বাংলা ভৌতিক কাহিনী । |
| 650 #4 - SUBJECT ADDED ENTRY--TOPICAL TERM | |
| Topical term or geographic name as entry element | Bengali ghost story . |
| 700 1# - ADDED ENTRY--PERSONAL NAME | |
| Personal name | দত্ত, তীর্থপতি |
| Relator term | সম্পা. |
| 700 #1 - ADDED ENTRY--PERSONAL NAME | |
| Relator code | দত্ত, মণীন্দ্র |
| Relator term | অনুবাদক |
| 700 #1 - ADDED ENTRY--PERSONAL NAME | |
| Personal name | বসু, রবীন্দ্রনাথ |
| Relator term | অনুবাদক |
| 700 #1 - ADDED ENTRY--PERSONAL NAME | |
| Personal name | ঘোস, সুধাংশুরঞ্জন |
| Relator term | অনুবাদক |
| 700 #1 - ADDED ENTRY--PERSONAL NAME | |
| Personal name | চৌধুরী, অনিরুদ্ধ |
| Relator term | অনুবাদক |
| 700 #1 - ADDED ENTRY--PERSONAL NAME | |
| Personal name | পালচৌধুরী, প্রীতি |
| Relator term | অনুবাদক |
| 942 ## - ADDED ENTRY ELEMENTS (KOHA) | |
| Source of classification or shelving scheme | |
| Koha item type | Books |
| Date last seen | Permanent Location | Not for loan | Date acquired | Source of classification or shelving scheme | Koha item type | Lost status | Withdrawn status | Copy number | Source of acquisition | Collection code | Damaged status | Shelving location | Barcode | Current Location | Full call number |
|---|---|---|---|---|---|---|---|---|---|---|---|---|---|---|---|
| 2021-12-27 | Dhaka University Library | 2021-10-07 | Books | 1 | Gift | Non Fiction | General Stacks | 510256 | Dhaka University Library | 891.44308733 PRT |
